Die Arten der Handelsgesellschaften nach ungarischem Rechte

Elmentve itt :
Bibliográfiai részletek
Szerző: Vági József
Dokumentumtípus: Cikk
Megjelent: 1934
Sorozat:Polgári jog : a hazai és külföldi magánjog és hiteljog szemléje 10
Kulcsszavak:Kereskedelmi jog magyar
Online Access:http://misc.bibl.u-szeged.hu/5902
LEADER 00631nab a2200169 i 4500
001 misc5902
005 20191106142326.0
008 170607s1934 hu o 0|| ger d
040 |a SZTE Miscellanea Repozitórium  |b hun 
041 |a ger 
100 1 |a Vági József 
245 1 4 |a Die Arten der Handelsgesellschaften nach ungarischem Rechte  |h [elektronikus dokumentum] /  |c  Vági József 
260 |c 1934 
300 |a 15-19c 
490 0 |a Polgári jog : a hazai és külföldi magánjog és hiteljog szemléje  |v 10 
695 |a Kereskedelmi jog magyar 
856 4 0 |u http://misc.bibl.u-szeged.hu/5902/1/polgari_jog_1934_015-019c.pdf  |z Dokumentum-elérés